000
nam a22 7a 4500
999
_c
328418
_d
328418
003
Nust
005
20170406150801.0
008
170406b xxu||||| |||| 00| 0 eng d
040
_c
DLC
082
_a
620.11 SUB
100
_a
Subramanian,R.
245
_a
Strength of Materials
260
_a
New Delhi :
300
_a
880p. :
942
_2
ddc
_c
BK